[Event "Rheinland Pfalz op 14th"]
[Site "Neuwied Heimbach Weis"]
[Date "2024.05.30"]
[Round "1"]
[White "Walteros, Rio"]
[Black "Kappelmann, Florian"]
[Result "0-1"]
[WhiteElo "1005"]
[BlackElo "1849"]
[PlyCount "58"]
[EventDate "2024.05.30"]
[EventType "swiss"]
[EventRounds "7"]
[EventCountry "GER"]
[SourceTitle "CB25_2024"]
[SourceDate "2024.06.01"]
[SourceVersion "1"]
[SourceVersionDate "2024.06.01"]
[SourceQuality "2"]

1. e4 c6 2. d4 d5 3. exd5 cxd5 4. Bd3 Nc6 5. c3 Qc7 6. h3 e5 7. dxe5 Qxe5+ 8. Ne2 Bd6 9. Bf4 Qe7 10. Bxd6 Qxd6 11. 0-0 Nf6 12. Nd2 0-0 13. Qc2 Be6 14. Rae1 Rac8 15. Nf3 Nb4 16. Qd2 Nxd3 17. Qxd3 a6 18. Ned4 Ne4 19. Nxe6 Qxe6 20. Ng5 Qb6 21. Qxd5 Nxg5 22. Qxg5 Qxb2 23. Qd5 b5 24. Qb7 Qa3 25. Rc1 Rc4 26. Rc2 b4 27. Rfc1 Rxc3 28. Rxc3 bxc3 29. Qb3 Qxc1+ 0-1